[Event "DVM U12 2012"]
[Site "Verden/Aller GER"]
[Date "2012.12.29"]
[Round "6"]
[White "Biastoch, Bennet"]
[Black "Kololli, Kevin"]
[Result "1/2-1/2"]
[Termination "normal"]
[Board "1.1"]
[WhiteElo "1549"]
[BlackElo "1827"]
[WhiteTeam "SG Aufbau Elbe Magdeburg"]
[BlackTeam "Lübecker SV von 1873"]
[WhiteFideId "12939889"]
[BlackFideId "12936863"]
[EventCountry "GER"]
[EventRounds "7"]
[EventType "team-swiss"]
[EventDate "2012.12.26"]

1. e4 c5 2. Nf3 d6 3. d4 cxd4 4. Nxd4 Nf6 5. Nc3 g6 6. Be3 Bg7 7. f3 O-O 8. Qd2
Nc6 9. Bc4 Nxd4 10. Bxd4 Be6 11. Bb3 Qa5 12. O-O Rfc8 13. Rfe1 Nd7 14. Bxg7
Kxg7 15. Qd4+ Qe5 16. Rad1 a6 17. Qxe5+ Nxe5 18. f4 Nc4 19. Nd5 Bxd5 20. exd5
Kf8 21. Re4 b5 22. Bxc4 bxc4 23. Kf2 Rab8 24. b3 cxb3 25. cxb3 a5 26. Rdd4 Rc5
27. Re2 Rb7 28. Red2 Rbc7 29. Ke3 Kg7 30. g4 Rc1 31. Rd1 R7c3+ 32. Ke2 Rxd1 33.
Kxd1 h5 34. g5 h4 35. Ke1 Kf8 36. Rd2 Rf3 37. Rd4 Rc3 38. Ra4 Rc5 39. Rd4 Rc3
40. Ra4 1/2-1/2

[Event "DVM U12 2012"]
[Site "Verden/Aller GER"]
[Date "2012.12.29"]
[Round "6"]
[White "Kololli, Martin"]
[Black "Roseneck, Jonas"]
[Result "1-0"]
[Termination "normal"]
[Board "1.2"]
[WhiteElo "1816"]
[BlackElo "1710"]
[WhiteTeam "Lübecker SV von 1873"]
[BlackTeam "SG Aufbau Elbe Magdeburg"]
[WhiteFideId "12936910"]
[BlackFideId "12939870"]
[EventCountry "GER"]
[EventRounds "7"]
[EventType "team-swiss"]
[EventDate "2012.12.26"]

1. e4 c5 2. c3 Nf6 3. e5 Nd5 4. d4 cxd4 5. Nf3 e6 6. cxd4 d6 7. a3 Nc6 8. Bd3
Be7 9. O-O O-O 10. Re1 Qc7 11. Bc2 dxe5 12. dxe5 Rd8 13. Qd3 g6 14. Qe2 b6 15.
Bh6 Bb7 16. Be4 Nxe5 17. Bxd5 Rxd5 18. Nxe5 Bf6 19. Bf4 Qe7 20. Nc3 Rd4 21. Bg3
h5 22. Nf3 Rdd8 23. Be5 Rac8 24. Rad1 Rxd1 25. Qxd1 Rd8 26. Qe2 Bg7 27. Bxg7
Kxg7 28. Qe5+ Kg8 29. Ng5 f6 30. Qxe6+ Qxe6 31. Nxe6 Re8 32. Re3 Kf7 33. Nf4
Rd8 34. Rd3 Rxd3 35. Nxd3 Ke6 36. f3 Ba6 37. Nb4 Bb7 38. Kf2 Ke5 39. Ke3 f5 40.
g3 g5 41. f4+ gxf4+ 42. gxf4+ Ke6 43. Kd4 a6 44. h4 Kd6 45. Na4 a5 46. Nd3 b5
47. Nc3 Bc6 48. Ne5 Be8 49. Nd5 a4 50. Nf6 Bc6 51. Nxc6 Kxc6 1-0

[Event "DVM U12 2012"]
[Site "Verden/Aller GER"]
[Date "2012.12.29"]
[Round "6"]
[White "Tiedemann, Fin Niklas"]
[Black "Wagner, Tobias"]
[Result "1-0"]
[Termination "normal"]
[Board "1.4"]
[WhiteElo "1471"]
[BlackElo "1345"]
[WhiteTeam "Lübecker SV von 1873"]
[BlackTeam "SG Aufbau Elbe Magdeburg"]
[WhiteFideId "12936936"]
[BlackFideId "12943452"]
[EventCountry "GER"]
[EventRounds "7"]
[EventType "team-swiss"]
[EventDate "2012.12.26"]

1. e4 c5 2. Nf3 g6 3. d4 cxd4 4. Nxd4 Bg7 5. Be3 Nc6 6. Nc3 Nf6 7. Qd2 Ng4 8.
Nxc6 bxc6 9. Bd4 Nf6 10. e5 Nd5 11. Nxd5 cxd5 12. Bd3 d6 13. Bb5+ Bd7 14. Bxd7+
Qxd7 15. exd6 e5 16. Bc5 Qc6 17. Ba3 O-O 18. O-O e4 19. c3 Rfd8 20. Rad1 Rd7
21. Qxd5 Qxd5 22. Rxd5 Rc8 23. Re1 f5 24. Kf1 Kf7 25. Ke2 Ke6 26. Red1 Be5 27.
Ke3 Bxc3 28. f3 exf3 29. bxc3 Rxc3+ 30. R5d3 Rc2 31. R1d2 fxg2 32. Kf2 Rxd2+
33. Rxd2 f4 34. Kxg2 Rf7 35. Re2+ Kd7 36. Kf3 g5 37. Re5 h6 38. Bc5 a6 39. a3
Kc6 40. Re7 Rxe7 41. dxe7 Kd7 42. Kg4 a5 43. h3 a4 44. Kh5 f3 45. Kxh6 f2 46.
Bxf2 Kxe7 47. Kxg5 Kf7 48. h4 Kg7 49. h5 Kh7 50. h6 Kg8 51. Kg6 Kh8 52. Bd4+
Kg8 53. h7+ 1-0

[Event "DVM U12 2012"]
[Site "Verden/Aller GER"]
[Date "2012.12.29"]
[Round "6"]
[White "Baberz, Alexander"]
[Black "Savchenko, Daniel"]
[Result "0-1"]
[Termination "normal"]
[Board "2.1"]
[WhiteElo "1807"]
[BlackElo "1650"]
[WhiteTeam "Hamburger SK von 1830"]
[BlackTeam "Schachfreunde Gerresheim 86"]
[WhiteFideId "12921734"]
[BlackFideId "12919195"]
[EventCountry "GER"]
[EventRounds "7"]
[EventType "team-swiss"]
[EventDate "2012.12.26"]

1. d4 d5 2. c4 e6 3. cxd5 exd5 4. Nc3 Bf5 5. Nf3 c6 6. Bf4 Nf6 7. e3 Bd6 8. Bd3
O-O 9. Bxd6 Qxd6 10. Qc2 Ne4 11. O-O-O b5 12. Rdf1 Nd7 13. g4 Ndf6 14. gxf5 0-1

[Event "DVM U12 2012"]
[Site "Verden/Aller GER"]
[Date "2012.12.29"]
[Round "6"]
[White "Oezdemir, Edwin-Daniel"]
[Black "Rogozenco, Teodora"]
[Result "0-1"]
[Termination "normal"]
[Board "2.2"]
[WhiteElo "1243"]
[BlackElo "1719"]
[WhiteTeam "Schachfreunde Gerresheim 86"]
[BlackTeam "Hamburger SK von 1830"]
[WhiteFideId "12919055"]
[BlackFideId "12938084"]
[EventCountry "GER"]
[EventRounds "7"]
[EventType "team-swiss"]
[EventDate "2012.12.26"]

1. e4 d5 2. exd5 Qxd5 3. Nc3 Qa5 4. Nf3 Nf6 5. d4 c6 6. Bd2 Bf5 7. Ne5 Nbd7 8.
Nc4 Qc7 9. Be2 e6 10. O-O Be7 11. Be3 O-O 12. h3 Rfd8 13. Qd2 b5 14. Bf4 e5 15.
Nxe5 Nxe5 16. Bxe5 Qxe5 17. dxe5 Rxd2 18. exf6 Bxf6 19. Bf3 Rad8 20. Bxc6 Rxc2
21. Rfc1 Rxb2 22. Nxb5 Rdd2 23. Nxa7 Rxf2 24. a4 Bd4 25. Kh1 Bxa7 26. Be4 g6
27. Bd5 Bxh3 28. Ra3 Bxg2+ 29. Bxg2 Rxg2 30. Rd1 Rh2# 0-1

[Event "DVM U12 2012"]
[Site "Verden/Aller GER"]
[Date "2012.12.29"]
[Round "6"]
[White "Engel, Luis"]
[Black "Zhuk, Margarita"]
[Result "1-0"]
[Termination "normal"]
[Board "2.3"]
[WhiteElo "1732"]
[BlackElo "1240"]
[WhiteTeam "Hamburger SK von 1830"]
[BlackTeam "Schachfreunde Gerresheim 86"]
[WhiteFideId "12961523"]
[EventCountry "GER"]
[EventRounds "7"]
[EventType "team-swiss"]
[EventDate "2012.12.26"]

1. e4 d5 2. exd5 Qxd5 3. Nc3 Qd6 4. Nf3 a6 5. h3 Nc6 6. d4 Nf6 7. Bc4 Bf5 8.
O-O e6 9. Bg5 O-O-O 10. Ne2 h6 11. Bf4 Qb4 12. b3 g5 13. c3 Qe7 14. Be5 Be4 15.
Ng3 Bxf3 16. Qxf3 Nxe5 17. dxe5 Nd5 18. Rfd1 Bg7 19. Nf5 exf5 20. Bxd5 c6 21.
Qxf5+ Qd7 22. e6 Qe7 23. exf7+ Kb8 24. Bf3 Rdf8 25. Rd7 Qf6 26. Qxf6 Bxf6 27.
Re1 Kc8 28. Bg4 Kb8 29. Re6 Bxc3 30. Ree7 Ka8 31. Rxb7 Bd4 32. Bf3 Rc8 33. Rbc7
Rxc7 34. Rxc7 Rd8 35. Rd7 Rxd7 36. f8=Q+ Kb7 37. Qxh6 Rc7 38. Qxg5 Bb6 39. h4
Rd7 40. h5 Bd8 41. Qg6 Re7 42. Qxc6+ Kb8 43. Qd6+ Kc8 44. Bg4+ 1-0

[Event "DVM U12 2012"]
[Site "Verden/Aller GER"]
[Date "2012.12.29"]
[Round "6"]
[White "Dürr, Florian"]
[Black "Balazs, Balint"]
[Result "1/2-1/2"]
[Termination "normal"]
[Board "3.1"]
[WhiteElo "1880"]
[BlackElo "1832"]
[WhiteTeam "SC Erlangen 48/88"]
[BlackTeam "Hagener SV"]
[WhiteFideId "24659134"]
[BlackFideId "12922757"]
[EventCountry "GER"]
[EventRounds "7"]
[EventType "team-swiss"]
[EventDate "2012.12.26"]

1. e4 e6 2. d4 d5 3. Nc3 Bb4 4. a3 Bxc3+ 5. bxc3 dxe4 6. Qg4 Qf6 7. Qxe4 Qg6 8.
Qxg6 hxg6 9. Bf4 Nf6 10. Bxc7 Nc6 11. Ne2 O-O 12. Bf4 b6 13. g3 Bb7 14. Bg2 Nd5
15. Bxd5 exd5 16. O-O-O Ba6 17. Rhe1 Rfe8 18. Ng1 Na5 19. Kb2 Nc4+ 20. Ka2 Kf8
21. Nf3 f6 22. h4 Bc8 23. Rxe8+ Kxe8 24. Re1+ Kf7 25. Nd2 b5 26. Nxc4 bxc4 27.
Bd6 Be6 28. Rb1 Rd8 29. Bc5 Rd7 30. Rb8 g5 31. hxg5 fxg5 32. Ra8 Kg6 33. f4
gxf4 34. gxf4 Kf5 35. Rf8+ Rf7 36. Rxf7+ Bxf7 37. Bd6 Be8 38. Kb2 Ke4 39. Kc1
Bd7 40. Be5 g6 1/2-1/2

[Event "DVM U12 2012"]
[Site "Verden/Aller GER"]
[Date "2012.12.29"]
[Round "6"]
[White "Hoppe, Andreas"]
[Black "Wegmann, Simon"]
[Result "1-0"]
[Termination "normal"]
[Board "3.2"]
[WhiteElo "1751"]
[BlackElo "1709"]
[WhiteTeam "Hagener SV"]
[BlackTeam "SC Erlangen 48/88"]
[WhiteFideId "12922811"]
[BlackFideId "1270758"]
[EventCountry "GER"]
[EventRounds "7"]
[EventType "team-swiss"]
[EventDate "2012.12.26"]

1. e4 e5 2. Bc4 Nf6 3. d3 c6 4. Nc3 d5 5. Bb3 dxe4 6. Nxe4 Nxe4 7. dxe4 Qxd1+
8. Kxd1 Bc5 9. Ke2 O-O 10. Nf3 Bg4 11. Be3 Bb6 12. Rad1 Bxe3 13. Kxe3 Nd7 14.
Rd2 h6 15. Rhd1 Nf6 16. Rd6 Rfe8 17. R1d2 Rac8 18. Nh4 Rc7 19. f3 Bc8 20. Rd8
Bd7 21. Rxe8+ Bxe8 22. Nf5 Nd7 23. Nd6 Kf8 24. a3 Nb6 25. g3 f6 26. Nxe8 Kxe8
27. f4 Re7 28. Rd6 Rd7 29. Re6+ Re7 30. Kf3 1-0

[Event "DVM U12 2012"]
[Site "Verden/Aller GER"]
[Date "2012.12.29"]
[Round "6"]
[White "Tschammer, Kai"]
[Black "Laubrock, Paul"]
[Result "0-1"]
[Termination "normal"]
[Board "3.3"]
[WhiteElo "1605"]
[BlackElo "1648"]
[WhiteTeam "SC Erlangen 48/88"]
[BlackTeam "Hagener SV"]
[WhiteFideId "12939099"]
[BlackFideId "1270509"]
[EventCountry "GER"]
[EventRounds "7"]
[EventType "team-swiss"]
[EventDate "2012.12.26"]

1. e4 e6 2. d4 d5 3. Nd2 dxe4 4. Nxe4 Bd7 5. Nf3 Bc6 6. Bd3 Nd7 7. Bf4 Ngf6 8.
Qe2 Be7 9. O-O O-O 10. Rfe1 Nxe4 11. Bxe4 Bxe4 12. Qxe4 c6 13. c4 Nf6 14. Qe5
Qb6 15. b3 Rad8 16. Rad1 Rd7 17. Ng5 Rfd8 18. Be3 Qa6 19. Qg3 c5 20. Nf3 cxd4
21. Rxd4 Rxd4 22. Nxd4 Qa5 23. Ra1 e5 24. Nf5 Kf8 25. Qxg7+ Ke8 26. Nh6 Qb4 27.
Qxf7+ Kd7 28. Rd1+ Kc7 29. Rf1 Rd7 30. Qe6 e4 31. Bf4+ Kd8 32. Nf7+ Ke8 33. Ne5
Rc7 34. Nd3 exd3 35. Bxc7 d2 36. Be5 Ne4 37. Qg8+ Kd7 38. Qd5+ Nd6 39. Bxd6
Bxd6 40. Qb5+ Qxb5 41. cxb5 Bb4 42. f4 Bc5+ 43. Kh1 Ke6 44. g4 Kd5 45. Rd1 Be3
46. f5 Ke4 47. b4 Kf3 48. f6 Ke2 49. f7 Bh6 50. g5 Bf8 51. Rg1 d1=Q 52. Rxd1
Kxd1 53. Kg2 Ke2 54. Kg3 Ke3 55. Kg4 Ke4 56. h4 Ke5 0-1

[Event "DVM U12 2012"]
[Site "Verden/Aller GER"]
[Date "2012.12.29"]
[Round "6"]
[White "Pitzer, Alexander"]
[Black "Grüninger, Maxim"]
[Result "0-1"]
[Termination "normal"]
[Board "3.4"]
[WhiteElo "1499"]
[BlackElo "1324"]
[WhiteTeam "Hagener SV"]
[BlackTeam "SC Erlangen 48/88"]
[WhiteFideId "12922838"]
[BlackFideId "12942960"]
[EventCountry "GER"]
[EventRounds "7"]
[EventType "team-swiss"]
[EventDate "2012.12.26"]

1. d4 d5 2. c4 c6 3. Nc3 Nf6 4. Bf4 Bf5 5. e3 Nbd7 6. Qb3 Qb6 7. Qxb6 axb6 8.
cxd5 cxd5 9. Bb5 e6 10. Bc7 Ra5 11. a3 Be7 12. b4 Bxb4 13. Nge2 O-O 14. O-O
Bxc3 15. Bxd7 Bxa1 16. Bxb6 Ra6 17. Bc5 Rfa8 18. Bb5 Ra5 19. a4 Rxb5 20. axb5
Bd3 21. Re1 Bxb5 22. Nf4 h6 23. Rb1 Bb2 24. g3 Ra1 25. Rxa1 Bxa1 26. Bb4 e5 27.
dxe5 Bxe5 28. Ng2 d4 29. exd4 Bxd4 30. Nf4 Ne4 31. Be1 Bc4 32. Kg2 b5 33. Kf3
Ng5+ 34. Kg4 Bc5 35. h4 Be6+ 36. Nxe6 Nxe6 37. Kf5 b4 38. Ke4 b3 39. Kd3 Nd4
40. Bc3 Kf8 41. f4 Ke7 42. g4 Kd6 43. h5 Ke6 44. Kc4 Ba7 45. Bxd4 Bxd4 46. Kxb3
Be3 47. Kc4 Bxf4 48. Kd4 Kf6 49. Ke4 Bc1 50. Kf3 Ke5 51. Kg3 Ke4 52. Kh3 Kf3
53. Kh4 Kg2 54. g5 hxg5+ 55. Kg4 Kh2 56. Kf5 Kh3 57. Ke4 g4 58. Kd3 g3 59. Ke2
g2 60. Kf2 Bb2 61. Kg1 Bd4# 0-1

[Event "DVM U12 2012"]
[Site "Verden/Aller GER"]
[Date "2012.12.29"]
[Round "6"]
[White "Dittrich, Tom"]
[Black "Enache, Rares"]
[Result "0-1"]
[Termination "normal"]
[Board "4.1"]
[WhiteElo "1635"]
[BlackElo "1463"]
[WhiteTeam "SG Blau-Weiß Stadtilm"]
[BlackTeam "TuS Coswig 1920"]
[WhiteFideId "12923532"]
[BlackFideId "12976440"]
[EventCountry "GER"]
[EventRounds "7"]
[EventType "team-swiss"]
[EventDate "2012.12.26"]

1. e4 d5 2. exd5 Qxd5 3. Nc3 Qa5 4. d4 c6 5. Bc4 Bf5 6. Nf3 e6 7. Bd2 Qc7 8.
Ne5 Nf6 9. g4 Bg6 10. Nxg6 hxg6 11. h3 Nbd7 12. Qf3 c5 13. dxc5 Bxc5 14. Bb3
Ne5 15. Qg3 Nfxg4 16. Rf1 Nf6 17. Ba4+ Ke7 18. O-O-O a6 19. Bf4 Bd6 20. Rxd6
Qxd6 21. Bxe5 Qc5 22. Rd1 Rad8 23. Bb3 Rxd1+ 24. Kxd1 Nh5 25. Ne4 Rd8+ 26. Kc1
Nxg3 27. Nxc5 Ne2+ 0-1

[Event "DVM U12 2012"]
[Site "Verden/Aller GER"]
[Date "2012.12.29"]
[Round "6"]
[White "Kunath, Tim"]
[Black "Schramm, Moritz"]
[Result "1-0"]
[Termination "normal"]
[Board "4.2"]
[WhiteElo "1387"]
[BlackElo "1441"]
[WhiteTeam "TuS Coswig 1920"]
[BlackTeam "SG Blau-Weiß Stadtilm"]
[WhiteFideId "12985074"]
[BlackFideId "12923508"]
[EventCountry "GER"]
[EventRounds "7"]
[EventType "team-swiss"]
[EventDate "2012.12.26"]

1. e4 c5 2. Nf3 d6 3. d4 cxd4 4. Nxd4 Nf6 5. Nc3 a6 6. Bg5 e6 7. f4 Be7 8. Qf3
O-O 9. O-O-O Qc7 10. g4 a5 11. Bxf6 Bxf6 12. Ndb5 Qc5 13. Rxd6 a4 14. e5 Be7
15. Ne4 Qb4 16. a3 Qa5 17. Rd1 Nc6 18. Ned6 Rb8 19. Qc3 Qa8 20. g5 b6 21. h4
Bb7 22. Nxb7 Qxb7 23. Bg2 Qc7 24. Nd6 Qa7 25. Qxc6 Bxd6 26. Qxd6 b5 27. Qd4 Qc7
28. Be4 Rfd8 29. Qc3 Qa7 30. Rxd8+ Rxd8 31. Qe1 Qb6 32. Bd3 Qc7 33. Qd2 Qb6 34.
Rd1 Re8 35. Kb1 Rb8 36. Qb4 Qc6 37. Bxb5 Qc7 38. Qd6 Qxd6 39. Rxd6 g6 40. Bxa4
Kg7 41. Rd4 Rc8 42. c4 Ra8 43. c5 Rc8 44. c6 Kf8 45. Rd7 Kg7 46. Rb7 Kf8 47. c7
Kg8 48. Bd7 1-0

[Event "DVM U12 2012"]
[Site "Verden/Aller GER"]
[Date "2012.12.29"]
[Round "6"]
[White "Adler, Jakob"]
[Black "Lehne, Arwin Hugo"]
[Result "0-1"]
[Termination "normal"]
[Board "4.3"]
[WhiteElo "1176"]
[BlackElo "1289"]
[WhiteTeam "SG Blau-Weiß Stadtilm"]
[BlackTeam "TuS Coswig 1920"]
[BlackFideId "12985090"]
[EventCountry "GER"]
[EventRounds "7"]
[EventType "team-swiss"]
[EventDate "2012.12.26"]

1. d4 d5 2. e3 Nf6 3. f4 g6 4. Nf3 Bg7 5. Bd3 O-O 6. Nbd2 Nc6 7. O-O Nb4 8. Qe2
b6 9. c3 Nxd3 10. Qxd3 Bb7 11. Re1 Ne4 12. Qc2 Nxd2 13. Qxd2 Rc8 14. Qe2 Qd7
15. Ne5 Qf5 16. h3 Qe4 17. Rf1 c5 18. Qf3 Qxf3 19. Rxf3 Bxe5 20. fxe5 Rc6 21.
Bd2 Ba6 22. Kh2 f6 23. exf6 Rcxf6 24. Rxf6 Rxf6 25. Re1 Rf2 26. Bc1 Bd3 27. Kg1
Rc2 28. a3 Be4 29. g4 Rg2+ 30. Kf1 Rg3 31. Kf2 Rxh3 32. Rg1 Rf3+ 33. Ke2 Rf6
34. g5 Rf5 35. b4 c4 36. Kd2 Rf2+ 37. Kd1 Rg2 38. Rxg2 Bxg2 39. Ke2 Be4 40. Bd2
h6 41. gxh6 Kh7 42. Be1 Kxh6 43. Bg3 a6 44. Bc7 b5 45. Kf2 Kh5 46. Kg3 e6 47.
Kf4 g5+ 48. Ke5 Bf5 49. Kd6 g4 50. Kc6 Kh4 51. Kb6 g3 52. Bxg3+ Kxg3 53. Kxa6
Kf3 54. Kxb5 Bg6 55. a4 Be8+ 56. Ka5 Kxe3 57. b5 Kd3 58. b6 Bc6 59. Ka6 Kxc3
60. a5 Kxd4 61. Ka7 c3 62. a6 c2 63. b7 Bxb7 64. axb7 c1=Q 65. b8=Q Qa3+ 66.
Kb7 Qb4+ 67. Kc7 Qxb8+ 68. Kxb8 e5 0-1

[Event "DVM U12 2012"]
[Site "Verden/Aller GER"]
[Date "2012.12.29"]
[Round "6"]
[White "von Koslowski, Wilhelm"]
[Black "Bock, Alexander"]
[Result "1/2-1/2"]
[Termination "normal"]
[Board "4.4"]
[WhiteElo "1281"]
[BlackElo "1012"]
[WhiteTeam "TuS Coswig 1920"]
[BlackTeam "SG Blau-Weiß Stadtilm"]
[WhiteFideId "12985147"]
[EventCountry "GER"]
[EventRounds "7"]
[EventType "team-swiss"]
[EventDate "2012.12.26"]

1. e4 c5 2. Nf3 d6 3. d4 cxd4 4. Nxd4 Nf6 5. Nc3 a6 6. Bg5 e6 7. f4 Be7 8. Qf3
e5 9. Nde2 O-O 10. O-O-O b5 11. fxe5 Ng4 12. Bxe7 Qxe7 13. exd6 Qg5+ 14. Kb1
Bb7 15. h3 Nf6 16. Qg3 Qc5 17. Qf4 Nbd7 18. Ng3 b4 19. Nce2 Rac8 20. Rc1 Qc6
21. Nd4 Qb6 22. Nb3 Rfe8 23. Bd3 Re6 24. Rhe1 Rxd6 25. e5 Nd5 26. Qg4 Re6 27.
Bf5 Nxe5 28. Bxe6 Nxg4 29. Bxc8 Ngf6 30. Bxb7 Qxb7 31. Nh5 g6 32. Nxf6+ Nxf6
33. g4 1/2-1/2

[Event "DVM U12 2012"]
[Site "Verden/Aller GER"]
[Date "2012.12.29"]
[Round "6"]
[White "Teichmann, Felix"]
[Black "Schnabel, Bennett"]
[Result "1/2-1/2"]
[Termination "normal"]
[Board "5.1"]
[WhiteElo "1830"]
[BlackElo "1708"]
[WhiteTeam "Schachgemeinschaft Leipzig"]
[BlackTeam "SG Grün-Weiß Baumschulenweg"]
[WhiteFideId "12927538"]
[BlackFideId "12943290"]
[EventCountry "GER"]
[EventRounds "7"]
[EventType "team-swiss"]
[EventDate "2012.12.26"]

1. d4 d5 2. Nf3 e6 3. Bf4 f5 4. e3 Nf6 5. c3 Be7 6. Nbd2 O-O 7. Bd3 Nbd7 8. Ne5
Ne4 9. f3 Nxd2 10. Qxd2 c6 11. e4 g5 12. Bg3 f4 13. Nxd7 Bxd7 14. Bf2 a5 15. e5
Be8 16. Qc2 h6 17. Bg6 Kg7 18. Bd3 b5 19. b3 Bf7 20. a4 Qd7 21. O-O Rfb8 22.
Rfc1 Qe8 23. Ra2 Bg6 24. c4 Bxd3 25. Qxd3 b4 26. cxd5 cxd5 27. Rc7 Rc8 28. Rcc2
Rxc2 29. Qxc2 Qc8 1/2-1/2

[Event "DVM U12 2012"]
[Site "Verden/Aller GER"]
[Date "2012.12.29"]
[Round "6"]
[White "Hesse, Henrik"]
[Black "Halas, Julia"]
[Result "1/2-1/2"]
[Termination "normal"]
[Board "5.2"]
[WhiteElo "1511"]
[BlackElo "1556"]
[WhiteTeam "SG Grün-Weiß Baumschulenweg"]
[BlackTeam "Schachgemeinschaft Leipzig"]
[WhiteFideId "12952060"]
[BlackFideId "12931810"]
[EventCountry "GER"]
[EventRounds "7"]
[EventType "team-swiss"]
[EventDate "2012.12.26"]

1. e4 e6 2. d4 d5 3. exd5 exd5 4. c4 Nf6 5. Nc3 c6 6. Nf3 Bg4 7. Bg5 Be7 8. Bd3
dxc4 9. Bxc4 Bxf3 10. gxf3 O-O 11. Be3 Bb4 12. Qb3 Qa5 13. a3 Bxc3+ 14. Qxc3
Qf5 15. O-O-O Nd5 16. Qb3 Nb6 17. Bd3 Qd5 18. Qc2 g6 19. Rhg1 Qe6 20. h4 Kh8
1/2-1/2

[Event "DVM U12 2012"]
[Site "Verden/Aller GER"]
[Date "2012.12.29"]
[Round "6"]
[White "Hüls, Maximilian"]
[Black "Oltmanns, Jannik"]
[Result "1-0"]
[Termination "normal"]
[Board "5.4"]
[WhiteElo "1482"]
[BlackElo "1426"]
[WhiteTeam "SG Grün-Weiß Baumschulenweg"]
[BlackTeam "Schachgemeinschaft Leipzig"]
[WhiteFideId "12949698"]
[EventCountry "GER"]
[EventRounds "7"]
[EventType "team-swiss"]
[EventDate "2012.12.26"]

1. e4 d6 2. d4 Nf6 3. Nc3 g6 4. Nf3 c6 5. Bd3 Nbd7 6. O-O Qc7 7. Be3 b5 8. a3
a6 9. h3 Bb7 10. Qd2 O-O-O 11. b4 h5 12. a4 Nb6 13. axb5 axb5 14. Ra7 Kd7 15.
Rfa1 Bg7 16. d5 Nc4 17. Bxc4 Nxe4 18. dxc6+ Qxc6 19. Bxb5 Nxd2 20. Rxb7+ 1-0

[Event "DVM U12 2012"]
[Site "Verden/Aller GER"]
[Date "2012.12.29"]
[Round "6"]
[White "Burg, Niclas"]
[Black "Eurich, Alexander"]
[Result "1-0"]
[Termination "normal"]
[Board "6.1"]
[WhiteElo "1688"]
[BlackElo "1120"]
[WhiteTeam "SV Worms 1878"]
[BlackTeam "SF Biberach"]
[WhiteFideId "1271968"]
[BlackFideId "12953121"]
[EventCountry "GER"]
[EventRounds "7"]
[EventType "team-swiss"]
[EventDate "2012.12.26"]

1. e4 e5 2. Nf3 Nc6 3. Bb5 Bc5 4. O-O Nf6 5. Nc3 O-O 6. d3 h6 7. Qe2 d6 8. Be3
Bb6 9. h3 a6 10. Bxc6 bxc6 11. d4 exd4 12. Nxd4 Qd7 13. Rad1 a5 14. Nf5 Ba6 15.
Qf3 Bxf1 16. Bxh6 gxh6 17. Qg3+ Ng4 18. Qxg4+ Kh7 19. Qg7# 1-0

[Event "DVM U12 2012"]
[Site "Verden/Aller GER"]
[Date "2012.12.29"]
[Round "6"]
[White "Fischer, Patrick"]
[Black "Guckes, Fabian"]
[Result "1-0"]
[Termination "normal"]
[Board "6.2"]
[WhiteElo "1278"]
[BlackElo "1321"]
[WhiteTeam "SF Biberach"]
[BlackTeam "SV Worms 1878"]
[WhiteFideId "12953075"]
[BlackFideId "1271995"]
[EventCountry "GER"]
[EventRounds "7"]
[EventType "team-swiss"]
[EventDate "2012.12.26"]

1. e4 c5 2. c3 d5 3. exd5 Qxd5 4. d4 e6 5. Nf3 Nc6 6. Be3 cxd4 7. cxd4 Nf6 8.
Nc3 Qa5 9. Bd3 Bb4 10. Rc1 Bxc3+ 11. bxc3 Qxa2 12. O-O O-O 13. c4 Qa5 14. Ra1
Qc7 15. Qc2 Nb4 16. Qb1 Nxd3 17. Qxd3 Ng4 18. Bd2 Bd7 19. Rfe1 Bc6 20. d5 exd5
21. cxd5 Rad8 22. Qc4 Rxd5 23. Qxd5 1-0

[Event "DVM U12 2012"]
[Site "Verden/Aller GER"]
[Date "2012.12.29"]
[Round "6"]
[White "Faal, Marcel"]
[Black "Triantafillidis, Simeon"]
[Result "0-1"]
[Termination "normal"]
[Board "6.3"]
[WhiteElo "1261"]
[BlackElo "1382"]
[WhiteTeam "SV Worms 1878"]
[BlackTeam "SF Biberach"]
[WhiteFideId "1271978"]
[BlackFideId "12953113"]
[EventCountry "GER"]
[EventRounds "7"]
[EventType "team-swiss"]
[EventDate "2012.12.26"]

1. e4 e5 2. Nf3 Nc6 3. Bb5 a6 4. Bxc6 bxc6 5. Nc3 Nf6 6. d4 exd4 7. Nxd4 Bc5 8.
O-O O-O 9. Be3 Bb6 10. Qd2 Bb7 11. Nf3 c5 12. Qd3 Re8 13. Nd2 Qe7 14. f3 d5 15.
Bg5 c4+ 16. Kh1 cxd3 17. cxd3 h6 18. Bf4 dxe4 19. dxe4 Rad8 20. Nb3 c5 21. Rfe1
c4 22. Nc1 Bc7 23. Be3 Qd6 24. Bg1 Qd2 25. N1e2 Qxb2 26. Rab1 Qa3 27. Rxb7 Ba5
28. Rc1 Bxc3 29. Rxc3 Qxa2 30. Ng3 Rd1 31. Re3 Qf2 32. Ne2 Qxe3 33. Rb2 c3 34.
Ra2 Rb8 35. h3 Rb2 0-1

[Event "DVM U12 2012"]
[Site "Verden/Aller GER"]
[Date "2012.12.29"]
[Round "6"]
[White "Melzig, Leon"]
[Black "Wiedemann, Julia"]
[Result "0-1"]
[Termination "normal"]
[Board "6.4"]
[WhiteElo "1072"]
[BlackElo "1178"]
[WhiteTeam "SF Biberach"]
[BlackTeam "SV Worms 1878"]
[WhiteFideId "12953148"]
[BlackFideId "12959499"]
[EventCountry "GER"]
[EventRounds "7"]
[EventType "team-swiss"]
[EventDate "2012.12.26"]

1. e4 c5 2. c3 d5 3. exd5 Qxd5 4. d4 cxd4 5. cxd4 Nc6 6. Nf3 Bg4 7. Be2 e6 8.
Nc3 Qa5 9. O-O Nf6 10. Bf4 Rd8 11. h3 Bxf3 12. Bxf3 Nxd4 13. Bxb7 Bb4 14. Qa4+
Qxa4 15. Nxa4 Ne2+ 16. Kh2 Nxf4 17. a3 Bd6 18. g3 Nd3 19. Bc6+ Ke7 20. b4 Rc8
21. Bf3 Rc2 22. Kg2 Nb2 23. Nxb2 Rxb2 24. Rfc1 h5 25. h4 Rg8 26. Rc6 g5 27. Ra6
gxh4 28. Rxa7+ Nd7 29. Bxh5 Rxg3+ 30. Kf1 Rh3 31. Kg2 Rh2+ 32. Kg1 Rbxf2 33.
Rf1 Rfg2# 0-1

[Event "DVM U12 2012"]
[Site "Verden/Aller GER"]
[Date "2012.12.29"]
[Round "6"]
[White "Stirner, Christof"]
[Black "Kölz, Niklas"]
[Result "0-1"]
[Termination "normal"]
[Board "7.1"]
[WhiteElo "1451"]
[BlackElo "1606"]
[WhiteTeam "SR Spaichingen"]
[BlackTeam "Märkischer Springer Halver-Schalksmühle"]
[WhiteFideId "16200837"]
[BlackFideId "12971758"]
[EventCountry "GER"]
[EventRounds "7"]
[EventType "team-swiss"]
[EventDate "2012.12.26"]

1. e4 c5 2. Nf3 e6 3. d4 cxd4 4. Nxd4 a6 5. Be3 Nf6 6. Nc3 Bb4 7. Bd3 Bxc3+ 8.
bxc3 Qc7 9. Qd2 d6 10. O-O Nbd7 11. c4 b6 12. Rab1 Rb8 13. Rb2 Nc5 14. Rfb1 O-O
15. f3 Bd7 16. Ne2 Rb7 17. Ng3 Rfb8 18. Bg5 Ne8 19. Be3 b5 20. cxb5 Bxb5 21.
Bxb5 Rxb5 22. Rxb5 Rxb5 23. Rc1 h6 24. Bf4 Qb6 25. Bxd6 Nxe4+ 26. Kf1 Nxd2+ 0-1

[Event "DVM U12 2012"]
[Site "Verden/Aller GER"]
[Date "2012.12.29"]
[Round "6"]
[White "Sailer, Tom"]
[Black "Molitor, Marwin"]
[Result "0-1"]
[Termination "normal"]
[Board "7.2"]
[WhiteElo "883"]
[BlackElo "1285"]
[WhiteTeam "Märkischer Springer Halver-Schalksmühle"]
[BlackTeam "SR Spaichingen"]
[WhiteFideId "16200675"]
[BlackFideId "16200853"]
[EventCountry "GER"]
[EventRounds "7"]
[EventType "team-swiss"]
[EventDate "2012.12.26"]

1. d4 d5 2. f4 Bf5 3. Nf3 Nf6 4. e3 e6 5. Bd3 Bg6 6. O-O c5 7. c3 c4 8. Bxg6
hxg6 9. Nbd2 Nc6 10. b3 cxb3 11. axb3 Bd6 12. Ne5 Bxe5 13. fxe5 Nd7 14. Ba3 Qg5
15. Qf3 f6 16. h3 b5 17. Bd6 a6 18. c4 bxc4 19. bxc4 Nxd4 20. exd4 Qxd2 21.
Rfd1 Qb2 22. cxd5 Qb7 23. dxe6 Qxf3 24. exd7+ Kxd7 25. gxf3 Rxh3 26. f4 Rah8
27. Rab1 Rh1+ 28. Kg2 R1h2+ 29. Kf3 Ke6 30. d5+ Kf5 31. Rg1 R8h3+ 32. Rg3 Rh4
33. e6 Rc2 34. Re1 Rhh2 35. Rf1 Rc3# 0-1